| 000 | 00618nam a2200205 a 4500 | ||
|---|---|---|---|
| 005 | 20210223125541.0 | ||
| 008 | 041125s1999 mx r 000 0 spa d | ||
| 020 | _a8495178478 | ||
| 035 | _aUPN01000136603 | ||
| 049 | _aCG | ||
| 050 | 4 |
_aZ692 _bM3.4 |
|
| 100 | 1 | _aMarsá Vila, María | |
| 245 | 1 | 3 |
_aEl fondo antiguo en la biblioteca / _cMaría Marsá Vila. |
| 260 |
_aAsturias, Esp. : _bTrea, _c1999. |
||
| 300 | _a398 p. : | ||
| 440 | 0 |
_aBiblioteconomía y administración cultural ; _v32 |
|
| 650 | 4 |
_aBIBLIOTECAS - _xCOLECCIONES ESPECIALES _98949 |
|
| 650 | 4 |
_aMANUSCRITOS ESPAÑOLES _918772 |
|
| 905 | _aLibro | ||
| 999 |
_c108754 _d108754 |
||